|
|
|
|
| LEADER |
00000nab a2200000 a 4500 |
| 001 |
vtls008963543 |
| 003 |
SK-MaSNL |
| 005 |
20260303070751.0 |
| 008 |
070412c20070410xo drz 0 0slo |
| 038 |
|
|
|a KEVKJB
|
| 040 |
|
|
|a KEVKJB
|b slo
|c KEVKJB
|e AACR2
|
| 041 |
0 |
|
|a slo
|
| 044 |
|
|
|a xo
|c SK
|
| 080 |
|
|
|a 398.23
|2 2001
|
| 245 |
0 |
0 |
|a Ander z Košíc na turné Košice vynechal
|c [autor] (pan)
|
| 300 |
|
|
|b Fotogr.
|
| 600 |
1 |
7 |
|a Pisančin, Ján,
|d 1941-
|2 kevkjb
|
| 650 |
0 |
7 |
|a ľudoví rozprávači
|2 kevkjb
|9 66059
|
| 651 |
|
7 |
|a Košice (Slovensko)
|2 kevkjb
|9 18694
|
| 773 |
0 |
|
|t Košický denník Korzár
|g Roč. X, č. 82 (10.4.2007), s. 8
|x 1335-4566
|
| 852 |
|
|
|a KEVKJB
|b KIS3GCP
|
| 856 |
4 |
1 |
|u www.korzar.sk
|
| 999 |
|
|
|c 1756845
|d 1758775
|